Riconosci il rapper dalla foto - Statistics

Statistiche generali
  • Questo quiz è stato fatto 681 volte
  • Il punteggio medio è 14 su 16
Statistiche sulle risposte
con Immagini Risposta % Corretto
Lazza
98%
Sfera Ebbasta
98%
Tony Effe
95%
Gue Pequeno
93%
Marra
93%
Shiva
92%
Capo Plaza
90%
Rondodasosa
89%
Kid Yugi
85%
Baby Gang
84%
SImba La Rue
83%
Tony Boy
83%
Massimo Pericolo
78%
Paky
74%
Artie 5ive
68%
Sapo Bully
53%
Nessun quiz corrispondente trovato
Distribuzione punteggi
Percentuale di utenti per punteggio
Percentile per numero di risposta
I tuoi punteggi nel tempo
Non hai fatto questo quiz